জাগ্রত দক্ষিণ পূর্ব এশিয়া / (Record no. 56301)
[ view plain ]
| 000 -LEADER | |
|---|---|
| fixed length control field | 00978nam a2200241 a 4500 |
| 001 - CONTROL NUMBER | |
| control field | 56301 |
| 003 - CONTROL NUMBER IDENTIFIER | |
| rucl marc code | BD-RjUL |
| 005 - DATE AND TIME OF LATEST TRANSACTION | |
| control field | 20211209080359.0 |
| 008 - FIXED-LENGTH DATA ELEMENTS--GENERAL INFORMATION | |
| fixed length control field | 161128s1946 ii ||||| |||| 00| 0 ben d |
| 035 ## - SYSTEM CONTROL NUMBER | |
| System control number | (BD-RjUL)56425 |
| 040 ## - CATALOGING SOURCE | |
| Original cataloging agency | BD-RjUL |
| Language of cataloging | ben |
| Transcribing agency | BD-RjUL |
| Modifying agency | BD-RjUL |
| 041 ## - LANGUAGE CODE | |
| Language code of text/sound track or separate title | ben |
| 082 ## - DEWEY DECIMAL CLASSIFICATION NUMBER | |
| Classification number | 959 |
| Author mark and year | SEJ 1946 |
| Edition number | 23 |
| 100 ## - MAIN ENTRY--PERSONAL NAME | |
| Personal name | সেনগুপ্ত, শিশির |
| 9 (RLIN) | 117069 |
| 245 10 - TITLE STATEMENT | |
| Title | জাগ্রত দক্ষিণ পূর্ব এশিয়া / |
| Statement of responsibility, etc. | শিশির সেনগুপ্ত ও জয়ন্তকুমার ভাদুড়ী |
| 250 ## - EDITION STATEMENT | |
| Edition statement | । |
| 260 ## - PUBLICATION, DISTRIBUTION, ETC. (IMPRINT) | |
| Place of publication, distribution, etc. | কলকাতা : |
| Name of publisher, distributor, etc. | নিউ এজ পাব., |
| Date of publication, distribution, etc. | ১৯৪৬ |
| 300 ## - PHYSICAL DESCRIPTION | |
| Pagination | ২২৩ পৃ. ; |
| Size | ২৩ সেমি. |
| 651 ## - SUBJECT ADDED ENTRY--GEOGRAPHIC NAME | |
| Geographic name | দক্ষিণ পূর্ব এশিয়া |
| Form subdivision | ইতিহাস |
| 9 (RLIN) | 167527 |
| Geographic name | Southeast Asia |
| Form subdivision | History |
| 9 (RLIN) | 167528 |
| 700 ## - ADDED ENTRY--PERSONAL NAME | |
| Personal name | ভাদুড়ী, জয়ন্তকুমার |
| 942 ## - ADDED ENTRY ELEMENTS (KOHA) | |
| Source of classification or shelving scheme | Dewey Decimal Classification |
| Koha item type | Books |
| Lost status | Source of classification or shelving scheme | Damaged status | Not for loan | Collection code | Permanent Location | Current Location | Shelving location | Date acquired | Source of acquisition | Total Checkouts | Full call number | Date last seen | Date checked out | Copy number | Koha item type |
|---|---|---|---|---|---|---|---|---|---|---|---|---|---|---|---|
| Dewey Decimal Classification | Non-fiction | Central Library, University of Rajshahi | Central Library, University of Rajshahi | RU. Library, | 3 | B 959 SEJ 1946 | 21/05/2023 | 13/04/2023 | C-2 | Books |